Essentials of Human Anatomy and Physiology / (Record no. 616774)
[ view plain ]
| 000 -LEADER | |
|---|---|
| fixed length control field | 00433nam a22001457a 4500 |
| 020 ## - INTERNATIONAL STANDARD BOOK NUMBER | |
| Qualifying information | PB. |
| 040 ## - CATALOGING SOURCE | |
| Transcribing agency | FIZZA ISHAQ |
| 082 ## - DEWEY DECIMAL CLASSIFICATION NUMBER | |
| Classification number | 612 |
| Author Mark | MAR |
| 100 ## - MAIN ENTRY--PERSONAL NAME | |
| Personal name | Marieb, Elaine. |
| 9 (RLIN) | 133806 |
| 245 ## - TITLE STATEMENT | |
| Title | Essentials of Human Anatomy and Physiology / |
| Statement of responsibility, etc. | Elaine Marieb. |
| 250 ## - EDITION STATEMENT | |
| Edition statement | Illustrated, 4th ED. |
| 260 ## - PUBLICATION, DISTRIBUTION, ETC. | |
| Place of publication, distribution, etc. | New York: |
| Name of publisher, distributor, etc. | Benjamin/Cummings Publishing Company,Inc |
| Date of publication, distribution, etc. | 1194. |
| 300 ## - PHYSICAL DESCRIPTION | |
| Extent | 216 P. ; |
| Dimensions | 10.88 x 8.63 x 0.78 in |
| 942 ## - ADDED ENTRY ELEMENTS (KOHA) | |
| Source of classification or shelving scheme | |
| Koha item type | Book |
| Withdrawn status | Lost status | Source of classification or shelving scheme | Damaged status | Not for loan | Permanent Location | Current Location | Shelving location | Date acquired | Total Checkouts | Full call number | Barcode | Date last seen | Price effective from | Koha item type |
|---|---|---|---|---|---|---|---|---|---|---|---|---|---|---|
| NUST Baluchistan Campus (NBC) | NUST Baluchistan Campus (NBC) | General Stacks | 04/01/2026 | 612 MAR | QD-365 | 04/01/2026 | 04/01/2026 | Book |
